Multiplications-Divisions rapides - Statistiques

Statistiques générales
  • Ce quiz a été pris 54 fois
  • Le résultat moyen est 16 sur 20
Statistiques - réponses
Calcul Résultat % Correct
42/6 7
95%
3x14 42
90%
4x27 108
88%
11412x1 11412
88%
12x12 144
88%
51/3 17
88%
5x45 225
88%
100/25 4
88%
8379/8379 1
86%
890/89 10
86%
4096x2 8192
83%
324/3 108
79%
8x8x4 256
79%
36x9 324
79%
4x1.25 5
79%
34x8 272
76%
169/13 13
74%
925/5 185
67%
6x99/9 66
67%
76x7 532
64%
Aucun quiz correspondant
Distribution des résultats
% des personnes avec chaque résultat
Percentile par nombre de réponses
Votre historique - résultats
Vous n’avez pas pris ce quiz